Normal view
MARC view
Entry Personal Name
001 - CONTROL NUMBER
- control field: 10169
003 - CONTROL NUMBER IDENTIFIER
- control field: BD-RjUL
005 - DATE AND TIME OF LATEST TRANSACTION
- control field: 20231126130434.0
008 - FIXED-LENGTH DATA ELEMENTS
- fixed length control field: 231126|| aca||aabn | a|a d
040 ## - CATALOGING SOURCE
- Original cataloging agency: BD-RjUL
- Transcribing agency: BD-RjUL
100 ## - HEADING--PERSONAL NAME
- Personal name: জোয়ারদার, বিশ্বনাথ
670 ## - SOURCE DATA FOUND
- Source citation: Work cat.: (BD-RjUL)82342: জোয়ারদার, বিশ্বনাথ , অচলন্তিকা লুপ্ত ও অচলিত শব্দের অভিধান /, ২০১৪